000 00884nam a2200229 a 4500
001 44293
003 BD-RjUL
005 20211209053830.0
008 160716s2015 bg ||||| |||| 00| 0 ben d
020 _a9789843397522
_c: Tk.300.00
035 _a(BD-RjUL)44411
040 _aBD-RjUL
_bben
_cBD-RjUL
_dBD-RjUL
041 _aben
082 _223
_a370.92
_bNAT 2015
100 _aনাসির, বেগজাদী মাহ্‌মুদা
_9135975
245 1 0 _aতিন দেশ তিন জীবন /
_c বেগজাদী মাহ্‌মুদা নাসির
260 _aঢাকা :
_bমোঃ হারুনার রশিদ,
_c২০১৫
300 _a৪১৯ পৃ. :
_bচিত্র ;
_c২৬ সেমি.
650 _a শিক্ষাবিদ
_vজীবনী
_9135976
650 _aEducationist
_vBiography
_9135977
942 _2ddc
_cBK
999 _c44293
_d44293